[Event "Buenos Aires Szmetan Giardelli op"]
[Site "Buenos Aires"]
[Date "2018.12.10"]
[Round "7"]
[White "Fernandez, Maria Florencia"]
[Black "Flores, Nicolas Ruben"]
[Result "1-0"]
[WhiteElo "2249"]
[BlackElo "1727"]
[PlyCount "45"]
[EventDate "2018.12.04"]
[EventType "swiss"]
[EventRounds "9"]
[EventCountry "ARG"]
[SourceTitle "CBM 187 Extra"]
[Source "ChessBase"]
[SourceDate "2018.11.04"]
[SourceVersion "1"]
[SourceVersionDate "2018.11.04"]
[SourceQuality "1"]

1. d4 d5 2. c4 e6 3. Nc3 Nf6 4. cxd5 exd5 5. Bg5 Nbd7 6. e3 Be7 7. Bd3 0-0 8. Qc2 c6 9. Nge2 Re8 10. h3 Nf8 11. g4 h6 12. Bh4 g5 13. Bg3 Kg7 14. Be5 Bd6 15. f4 Ng6 16. 0-0-0 Be7 17. Ng3 Rg8 18. Rdf1 Kf8 19. fxg5 hxg5 20. Bxf6 Bxf6 21. Nh5 Nf4 22. Nxf6 Qxf6 23. exf4 1-0

[Event "Buenos Aires Szmetan Giardelli op"]
[Site "Buenos Aires"]
[Date "2018.12.09"]
[Round "6"]
[White "Flores, Nicolas Ruben"]
[Black "Acosta, Florencia Luz"]
[Result "1-0"]
[WhiteElo "1727"]
[BlackElo "1765"]
[PlyCount "87"]
[EventDate "2018.12.04"]
[EventType "swiss"]
[EventRounds "9"]
[EventCountry "ARG"]
[SourceTitle "CBM 187 Extra"]
[Source "ChessBase"]
[SourceDate "2018.11.04"]
[SourceVersion "1"]
[SourceVersionDate "2018.11.04"]
[SourceQuality "1"]

1. d4 d5 2. c4 e6 3. Nc3 Nf6 4. Bf4 c6 5. Nf3 Bd6 6. Bxd6 Qxd6 7. c5 Qc7 8. e3 Nbd7 9. Be2 0-0 10. 0-0 Re8 11. Re1 e5 12. b4 b6 13. cxb6 axb6 14. b5 Bb7 15. dxe5 Nxe5 16. bxc6 Bxc6 17. Rc1 Nxf3+ 18. Bxf3 Qb7 19. Qd4 Ne4 20. Re2 Ra3 21. Rb2 b5 22. h3 Nxc3 23. Rxc3 Rxc3 24. Qxc3 Qd7 25. Rb4 Rc8 26. Qd3 Ra8 27. a3 Ra4 28. Rd4 Rxd4 29. Qxd4 h6 30. Qc5 Qb7 31. Kf1 f6 32. Ke2 Kf7 33. Qd6 Qa8 34. Kd3 Qb7 35. Bg4 Qa6 36. Be6+ Ke8 37. Bd7+ Kf7 38. Bxc6 b4+ 39. Kd2 Qxa3 40. Bxd5+ Ke8 41. Qe6+ Kd8 42. Qd6+ Ke8 43. Qc6+ Kd8 44. Qa8+ 1-0

[Event "Buenos Aires Szmetan Giardelli op"]
[Site "Buenos Aires"]
[Date "2018.12.08"]
[Round "5"]
[White "Curia, Santiago Jose"]
[Black "Flores, Nicolas Ruben"]
[Result "1-0"]
[WhiteElo "2041"]
[BlackElo "1727"]
[PlyCount "81"]
[EventDate "2018.12.04"]
[EventType "swiss"]
[EventRounds "9"]
[EventCountry "ARG"]
[SourceTitle "CBM 187 Extra"]
[Source "ChessBase"]
[SourceDate "2018.11.04"]
[SourceVersion "1"]
[SourceVersionDate "2018.11.04"]
[SourceQuality "1"]

1. e4 e5 2. Nf3 Nc6 3. Bb5 Nf6 4. Qe2 Bc5 5. 0-0 0-0 6. c3 Re8 7. d3 a6 8. Ba4 b5 9. Bc2 h6 10. Nbd2 d6 11. h3 Nh5 12. Nh2 Nf4 13. Qf3 Ne7 14. Kh1 Neg6 15. g3 Bxh3 16. gxf4 Bxf1 17. Ndxf1 Qh4 18. f5 Nf8 19. Ng3 c6 20. Bd2 Rad8 21. Rg1 Nh7 22. Nh5 Ng5 23. Bxg5 hxg5 24. Rg2 Rd7 25. Kg1 Red8 26. Ng4 d5 27. Rh2 dxe4 28. dxe4 Rd3 29. Qxd3 Qxg4+ 30. Qg3 Bxf2+ 31. Rxf2 Qxh5 32. Rh2 Rd1+ 33. Bxd1 Qxd1+ 34. Kf2 Qd2+ 35. Kf1 Qd1+ 36. Qe1 Qf3+ 37. Kg1 g6 38. Qe2 Qf4 39. Qd2 Qxd2 40. Rxd2 gxf5 41. Rd6 1-0